000 00508nam a22001817a 4500
005 20260416112220.0
010 _aENG-148268
020 _c499.00
_a978359175409
035 _aEN-131800
037 _bDBAD
082 _a158.1
_bKIS
100 _aSharma, Kishore
_988926
245 _aHow To Become a Positive Thinker A Bestseller/
_cKishore Sharma
250 _a1
260 _bKishore Sharma
_c2023
300 _a244p.
_c21cm(pb)
942 _2ddc
_cEN
_h158.1
_mSHA
999 _c215901
_d215901